00926cam a22002651 4500001000500000005001700005020001800022040003500040050001700075082000800092100004100100245008200141260004700223300004200270490003200312505000800344520009000352521002000442521002000462650004000482650003100522650003200553655004200585700003300627141420231124145600.0 a9780807507940 aDLCcDLCdDLCdOCoLCdDLCbeng00aPZ7.W244bBl a8131 aWarner, Gertrude Chandlerd1890-197910aBlue Bay mystery /cby Gertrude Chandler Warner Illustrated by Dirk Gringhuis aNiles :bAlbert Whitman and Company,c1961 a157 pages : billustrations ;c20 cm  aThe boxcar childrenvBook 6 aN  aThe Aldens find a castaway on a South Sea island. How did he get there and who is he? a540 bLexile  aN bRaz-Plus  0aBoxcar children vJuvenile fiction. 0aOrphansvJuvenile fiction. 0aFamiliesvJuvenile fiction. 7aDetective and mystery stories.2gsafd aGringhuis, Dirkeillustrator